Statistiques concernant 3 plus grandes villes par Province Canadienne

Cliquez ici pour prendre le quiz!

Statistiques générales

  • Ce quiz a été pris 37 fois
  • Le résultat moyen est 16 sur 39

Statistiques - réponses

ProvinceVillePopulation
(en milliers)
% Correct
QuébecMontréal1 762
100%
Ottawa1 017
100%
Colombie BritanniqueVancouver662
100%
Québec549
97%
OntarioToronto2 794
97%
AlbertaCalgary1 306
94%
Edmonton1 010
91%
ManitobaWinnipeg749
85%
Nouvelle ÉcosseHalifax439
70%
Laval438
67%
Saint John69
64%
Territoires du Nord OuestYellowknife19
61%
Regina226
55%
SaskatchewanSaskatoon266
52%
Île du Prince ÉdouardCharlottetown36
48%
YukonWhitehorse25
48%
Fredericton63
42%
Terre Neuve et LabradorSaint Jean110
36%
NunavutIqaluit7
33%
Nouveau BrunswickMoncton79
33%
Mississauga717
30%
Surrey568
24%
Burnaby249
18%
Red Deer100
18%
Brandon48
15%
Dawson1
12%
Stratford9
9%
Summerside14
9%
Cap Breton93
6%
Conception Bay South26
6%
Mount Pearl22
6%
Steinbach15
6%
Truro12
6%
Arviat2
3%
Hay River3
3%
Inuvik3
3%
Kangiqtiniq2
3%
Prince Albert35
3%
Watson Lake0,8
3%

Distribution des résultats

Percentile par nombre de réponses

% des personnes avec chaque résultat

Votre développement - résultats

Vous n’avez pas pris ce quiz